Music Quiz

Random Music or Artist Quiz

Singer to Soundtrack Match Quiz Stats

 Plays Quiz Updated Aug 15, 2017

Support Sporcle.
Go Orange.
Score 0/26 Timer 04:00
1 Play Today
% Correct
Titanic
91.8%
Rocky III
89.3%
Aladdin
86.5%
8 Mile
86.4%
The Bodyguard
86.3%
Dirty Dancing
82.7%
Purple Rain
81.9%
The Breakfast Club
79.8%
Armageddon
77.6%
Wayne's World
77.2%
Beaches
69.7%
Robin Hood: Prince of Thieves
65%
Back to the Future
64.8%
% Correct
Risky Business
63.7%
Dangerous Minds
59%
A League of Their Own
58.8%
Batman Forever
58.3%
Pretty Woman
57.4%
Transformers
56%
Young Guns II
55.4%
Reservoir Dogs
55%
Caddyshack
50.8%
Do the Right Thing
48.4%
Mannequin
47.6%
The Three Musketeers
41.8%
Boomerang
34.1%

From the Vault

Silhouettes: Peanuts Characters

by Perspektive

Now we have to know these characters without even seeing their faces? Good grief!
Remove Ads.
Support Sporcle.
Get the best of Sporcle when you Go Orange. This ad-free experience offers more features, more stats, and more fun while also helping to support Sporcle. Thank you for becoming a member.

Show Comments

Extras

Top Quizzes Today


Score Distribution

Your Account Isn't Verified!

In order to create a playlist on Sporcle, you need to verify the email address you used during registration. Go to your Sporcle Settings to finish the process.

Report this User

Report this user for behavior that violates our Community Guidelines.

Details: